000 00688nam a22002417a 4500
005 20230426102711.0
008 230426b ||||| |||| 00| 0 eng d
020 _a9788195880850
040 _cAL
041 _aEnglish
082 _223
_a321.80954
_bHANC
100 _aV Basil Hans and others
_993158
245 _aConstitution of India
260 _aMangalore
_bUnited agencies
_c2023
300 _avi,137 p.
_bPB
_c13x21 cm.
365 _2general
_a644
_b₹96.00
_c
_d₹120.00
_e20%
_f25-04-2023
650 _aConstitution
_993159
650 _aIndia
_993160
650 _aNEP
_993161
700 _aHANS (V Basil)
_993162
700 _aHEGDE (Shakila)
_993163
942 _2ddc
_cBK
999 _c227276
_d227276